000 00399cam a22001217a 4500
008 180718b1963 xxu||||| |||| 00| 0 eng d
082 _aP1108 M724
100 _aMoffitt, John Clifton
245 _aIn-service education for teachers
_cby John Clifton Moffitt
260 _aWashington, D.C.
_bCenter for Applied Research in Education
_c1963
300 _a114p.
650 _aTeachers --In-service training
999 _c374078
_d374078